Devinez cet écrivain! Spécial français - Statistiques

Statistiques générales
  • Ce quiz a été pris 134 fois
  • Le résultat moyen est 11 sur 15
Statistiques - réponses
Description Écrivain/Écrivaine % Correct
Auteur des "Misérables" et de "Notre-Dame de Paris", il s'est exilé lors du coup d'État de Napoléon III. Victor Hugo
100%
Écrivain à l'origine de la série des Rougon-Macquart avec des livres comme "Germinal" ou "Thérèse Raquin", il a soutenu le capitaine Dreyfus durant l'affaire du même nom avec son célèbre "J'accuse...!". Émile Zola
94%
Connu pour "Bel-Ami" et "Le Horla", il détestait tant la Tour Eiffel qu'il déjeunait dans un restaurant de cette dernière pour ne pas la voir. Guy de Maupassant
90%
Célèbre pour "Les Fleurs du mal" et "Les Paradis artificiels", il a été condamné pour son premier recueil pour "outrage à la morale publique et aux bonnes mœurs". Charles Baudelaire
88%
Prix Nobel de littérature pour "L'étranger" en 1957 et auteur de "La Peste", il était ami avec Jean-Paul Sartre avant que leur relation tourne au vinaigre. Albert Camus
86%
Auteur du "Père Goriot" et de "La Peau de chagrin", il était accro au café. Honoré de Balzac
78%
"La Gloire de mon père" et "Le Château de ma mère" sont des récits autobiographiques de cet auteur qui était également cinéaste et producteur. Marcel Pagnol
74%
Autrice de "Indiana" et de "La Mare au diable", elle a utilisée un nom d'homme comme nom de plume tout au long de sa carrière. George Sand
71%
"À la recherche du temps perdu" est sa suite romanesque célèbre, qu'il ne pourra achever pleinement dû à sa mort en 1922. Marcel Proust
71%
Étant reconnue grâce à ses œuvres comme "Le Deuxième Sexe" ou "Les Mandarins", elle est aujourd'hui décriée dû à une possible pédophilie, ou encore son soutien à Gabriel Matzneff Simone de Beauvoir
71%
À l'origine des "Mémoires d'Hadrien" et des "Nouvelles orientales", elle est la première femme élue membre de l'Académie française en 1980. Marguerite Yourcenar
63%
Rédactrice de la "Déclaration des droits de la femme et de la citoyenne" et de "Zamore et Mirza ou l'Esclavage des Noirs", elle est morte guillotinée pendant la Terreur car accusée d'avoir attenter à l'indivisibilité de la République. Olympe de Gouges
62%
Autrice du roman "Un barrage contre le Pacifique" et de "L'Amant", elle a inspiré le nom du groupe de rock français Indochine car elle était l'écrivaine favorite du chanteur, Nicola Sirkis. Marguerite Duras
60%
"Claudine à l'école" et "Le Blé en herbe" font partis des œuvres majeures de cette femme dont son premier mari signait ses livres de son nom jusqu'à leur séparation. Colette
55%
Prix Nobel de littérature en 2022 et autrice de "Les Armoires vides" et "La Place", elle a participée à un manifestation aux côtés de l'ancien député français de gauche Jean-Luc Mélenchon. Annie Ernaux
39%
Aucun quiz correspondant
Distribution des résultats
% des personnes avec chaque résultat
Percentile par nombre de réponses
Votre historique - résultats
Vous n’avez pas pris ce quiz